00298nam a2200109Ia 4500008004100000100002000041245000900061260000900070300003100079440002400110650005400134180117s9999 xx 000 0 und d aby AA Patawaran aWHWN c2017 a20-22 pages, 2017 March 26 aPhilippine Panorama aTHE CAT WHO MAY NOT HAVE SURVIVED A DAY IN PERSIA